| 000 | 00964nam a22003377a 4500 | ||
|---|---|---|---|
| 001 | 0045740 | ||
| 003 | KOHA_MİRAKIL | ||
| 005 | 20260207003455.0 | ||
| 007 | ta | ||
| 008 | 140305b2013 tu |||gr||||#||||0|tur | | ||
| 020 | _a9789758918539 | ||
| 040 |
_aTR-BiSEU _btur _cTR-BiSEU _erda |
||
| 041 | 0 | _atur | |
| 044 | _ctu | ||
| 050 |
_aJC571 _b.Y46 2013 |
||
| 245 | 1 |
_aYeni kuşak insan hakları/ _cEditör Kıvılcım Akkoyunlu Ertan. |
|
| 264 | 1 |
_aAnkara : _bTODAİE _c2013 |
|
| 300 |
_a237 sayfa ; _c20 cm. |
||
| 336 |
_ametin _btxt _2rdacontent |
||
| 337 |
_aaracısız _bn _2rdamedia |
||
| 338 |
_acilt _bnc _2rdacarrier |
||
| 490 | 1 |
_aTODAİE yayın no ; _v371 |
|
| 500 | _aDizin var. | ||
| 500 | _aKaynakça var. | ||
| 650 | 0 |
_aİnsan Hakları. _93260 |
|
| 650 | 0 |
_aDayanışma Hakları. _984232 |
|
| 650 | 0 |
_aKentli Hakları. _984233 |
|
| 650 | 0 |
_aKuşaklararası Adalet. _984234 |
|
| 830 | 1 |
_aTODAİE yayın no ; _v371 _950842 |
|
| 942 |
_2lcc _cBK |
||
| 999 |
_c45709 _d45709 |
||